[Event "FICGS theme 0002 email"]
[Site "FICGS email"]
[Date "2021.04.19"]
[Round "1"]
[White "Jozefini, Lubor"]
[Black "Schuett, Wilhelm"]
[Result "1-0"]
[WhiteElo "1989"]
[BlackElo "1800"]
[PlyCount "63"]
[EventDate "2021.??.??"]
[EventType "swiss (corr)"]
[EventRounds "1"]
[SourceTitle "Corr 2024"]
[Source "ChessBase"]
[SourceDate "2023.10.19"]
[SourceVersion "1"]
[SourceVersionDate "2023.10.19"]
[SourceQuality "1"]

1. e4 e5 2. Bc4 Nf6 3. d4 exd4 4. Nf3 Bb4+ 5. c3 dxc3 6. bxc3 Bc5 7. e5 d5 8. exf6 dxc4 9. Qxd8+ Kxd8 10. fxg7 Re8+ 11. Kd1 Rg8 12. Bg5+ Be7 13. Bxe7+ Kxe7 14. Re1+ Be6 15. Nbd2 b5 16. Nd4 a6 17. a4 bxa4 18. Rxa4 Nd7 19. f4 Nb6 20. Ra5 Kf6 21. Rg5 Bd5 22. Nf5 Rad8 23. Nh6 Be6 24. Kc1 Nd5 25. Ne4+ Ke7 26. f5 Bc8 27. f6+ Nxf6 28. Re5+ Be6 29. Nf5+ Kd7 30. Nxf6+ Kc8 31. Ne7+ Kb7 32. Nexg8 1-0

[Event "FICGS theme 0002 email"]
[Site "FICGS email"]
[Date "2021.04.19"]
[Round "1"]
[White "Schuett, Wilhelm"]
[Black "Ortiz, Jose Luis"]
[Result "1-0"]
[WhiteElo "1800"]
[BlackElo "1647"]
[PlyCount "67"]
[EventDate "2021.??.??"]
[EventType "swiss (corr)"]
[EventRounds "1"]
[SourceTitle "Corr 2024"]
[Source "ChessBase"]
[SourceDate "2023.10.19"]
[SourceVersion "1"]
[SourceVersionDate "2023.10.19"]
[SourceQuality "1"]

1. e4 e5 2. Bc4 Nf6 3. Qe2 Nc6 4. Nf3 h6 5. c3 Bc5 6. b4 Bb6 7. b5 Ne7 8. Nxe5 0-0 9. 0-0 d6 10. Nxf7 Qe8 11. Nxd6+ Kh8 12. Nxe8 Rxe8 13. d3 c5 14. h3 Bd7 15. Be3 Rac8 16. Nd2 Neg8 17. f4 Rf8 18. Nf3 Bd8 19. Ne5 Be8 20. Be6 Rc7 21. g4 Re7 22. Bxc5 Bb6 23. Bxb6 axb6 24. Bc4 g5 25. d4 Rc7 26. f5 Ne7 27. a4 h5 28. Ra3 Nc8 29. Be6 Nd6 30. Bd5 h4 31. Rc1 Nxd5 32. exd5 Re7 33. Ng6+ Bxg6 34. Qxe7 1-0

[Event "FICGS theme 0002 email"]
[Site "FICGS email"]
[Date "2021.04.19"]
[Round "1"]
[White "Schuett, Wilhelm"]
[Black "Sternik, Ryszard"]
[Result "0-1"]
[WhiteElo "1800"]
[BlackElo "2073"]
[PlyCount "38"]
[EventDate "2021.??.??"]
[EventType "swiss (corr)"]
[EventRounds "1"]
[SourceTitle "Corr 2022"]
[Source "ChessBase"]
[SourceDate "2021.10.24"]
[SourceVersion "1"]
[SourceVersionDate "2021.10.24"]
[SourceQuality "1"]

1. e4 e5 2. Bc4 Nf6 3. Qe2 Nc6 4. Nf3 Bc5 5. c3 0-0 6. b4 d5 7. bxc5 dxc4 8. Qxc4 Qe7 9. Ba3 Bg4 10. d3 Bxf3 11. gxf3 Qd7 12. Ke2 Rfd8 13. Rd1 b5 14. Qb3 b4 15. Bxb4 Nh5 16. Qc2 Nf4+ 17. Ke3 Nxb4 18. cxb4 Qd4+ 19. Kd2 Nxd3 0-1

[Event "FICGS theme 0002 email"]
[Site "FICGS email"]
[Date "2021.04.19"]
[Round "1"]
[White "Van Mechelen, Jan"]
[Black "Schuett, Wilhelm"]
[Result "0-1"]
[WhiteElo "1689"]
[BlackElo "1800"]
[PlyCount "36"]
[EventDate "2021.??.??"]
[EventType "swiss (corr)"]
[EventRounds "1"]
[SourceTitle "Corr 2022"]
[Source "ChessBase"]
[SourceDate "2021.10.24"]
[SourceVersion "1"]
[SourceVersionDate "2021.10.24"]
[SourceQuality "1"]

1. e4 e5 2. Bc4 Nf6 3. d3 h6 4. Nf3 Nc6 5. 0-0 Bc5 6. c3 d6 7. Bb3 g5 8. Be3 g4 9. Nxe5 Nxe5 10. d4 Qe7 11. Nd2 Bd7 12. dxc5 dxc5 13. Qe2 0-0-0 14. Rfe1 Rdg8 15. Kh1 h5 16. f3 gxf3 17. gxf3 h4 18. Rg1 Nh5 0-1

[Event "FICGS theme 0002 email"]
[Site "FICGS email"]
[Date "2021.03.25"]
[Round "1"]
[White "Kehayov, Yulian"]
[Black "Schuett, Wilhelm"]
[Result "0-1"]
[WhiteElo "1365"]
[BlackElo "1800"]
[PlyCount "40"]
[EventDate "2021.??.??"]
[EventType "swiss (corr)"]
[EventRounds "1"]
[SourceTitle "Corr 2022"]
[Source "ChessBase"]
[SourceDate "2021.10.24"]
[SourceVersion "1"]
[SourceVersionDate "2021.10.24"]
[SourceQuality "1"]

1. e4 e5 2. Bc4 Nf6 3. Nc3 Nxe4 4. Qh5 Nd6 5. Qxe5+ Qe7 6. Qxe7+ Bxe7 7. Be2 0-0 8. Nf3 Re8 9. 0-0 Bf6 10. d4 b6 11. Nb5 Rxe2 12. Nxd6 cxd6 13. c3 Bb7 14. Ne1 Na6 15. f3 Rae8 16. Nd3 g5 17. Rf2 Nc7 18. b3 Ba6 19. Nb4 Re1+ 20. Rf1 Rxf1# 0-1

[Event "FICGS theme 0002 email"]
[Site "FICGS email"]
[Date "2020.12.28"]
[Round "1"]
[White "Javier, Christian"]
[Black "Schuett, Wilhelm"]
[Result "0-1"]
[WhiteElo "1800"]
[BlackElo "1800"]
[PlyCount "46"]
[EventDate "2020.??.??"]
[EventType "swiss (corr)"]
[EventRounds "1"]
[SourceTitle "Corr 2022"]
[Source "ChessBase"]
[SourceDate "2021.10.24"]
[SourceVersion "1"]
[SourceVersionDate "2021.10.24"]
[SourceQuality "1"]

1. e4 e5 2. Bc4 Nf6 3. d3 c6 4. Nf3 d5 5. Bb3 Bd6 6. exd5 Nxd5 7. 0-0 0-0 8. Re1 Nd7 9. d4 Re8 10. c4 e4 11. Ng5 e3 12. cxd5 Qxg5 13. Rxe3 Rxe3 14. Bxe3 Qh4 15. g3 Qh3 16. dxc6 Nf6 17. Nd2 Ng4 18. Nf1 Nxh2 19. Nxh2 Bxg3 20. fxg3 Qxg3+ 21. Kh1 Qxe3 22. Qe1 Qxe1+ 23. Rxe1 Kf8 0-1

[Event "FICGS theme 0002 email"]
[Site "FICGS email"]
[Date "2020.12.28"]
[Round "1"]
[White "Van Mechelen, Jan"]
[Black "Schuett, Wilhelm"]
[Result "0-1"]
[WhiteElo "1715"]
[BlackElo "1800"]
[PlyCount "32"]
[EventDate "2020.??.??"]
[EventType "swiss (corr)"]
[EventRounds "1"]
[SourceTitle "Corr 2022"]
[Source "ChessBase"]
[SourceDate "2021.10.24"]
[SourceVersion "1"]
[SourceVersionDate "2021.10.24"]
[SourceQuality "1"]

1. e4 e5 2. Bc4 Nf6 3. d3 c6 4. Nf3 d5 5. Bb3 Bd6 6. Nc3 0-0 7. 0-0 Bc7 8. Bg5 d4 9. Ne2 h6 10. Bd2 Kh7 11. Ng3 g6 12. h3 Nbd7 13. Nh2 Nc5 14. Ng4 Nxg4 15. hxg4 Nxb3 16. axb3 Qh4 0-1

[Event "FICGS theme 0002 email"]
[Site "FICGS email"]
[Date "2020.11.21"]
[Round "1"]
[White "Ramamurthy, Murali"]
[Black "Schuett, Wilhelm"]
[Result "0-1"]
[WhiteElo "1586"]
[BlackElo "1800"]
[PlyCount "48"]
[EventDate "2020.??.??"]
[EventType "swiss (corr)"]
[EventRounds "1"]
[SourceTitle "Corr 2022"]
[Source "ChessBase"]
[SourceDate "2021.10.24"]
[SourceVersion "1"]
[SourceVersionDate "2021.10.24"]
[SourceQuality "1"]

1. e4 e5 2. Bc4 Nf6 3. Nc3 Nxe4 4. Bxf7+ Kxf7 5. Nxe4 Nc6 6. Qf3+ Kg8 7. Ne2 d5 8. N4c3 Be6 9. 0-0 Qd7 10. d3 Nb4 11. Bg5 h6 12. Bd2 Nxc2 13. Rac1 Nb4 14. a3 Nc6 15. h3 a6 16. Rfd1 Be7 17. Qg3 Kh7 18. h4 Rhf8 19. f4 Bf6 20. fxe5 Bxe5 21. Qe1 Rae8 22. Na4 Bg4 23. Nc5 Qc8 24. Nb3 Bxe2 0-1

[Event "FICGS theme 0002 email"]
[Site "FICGS email"]
[Date "2020.11.13"]
[Round "1"]
[White "Schuett, Wilhelm"]
[Black "Kehayov, Yulian"]
[Result "1-0"]
[WhiteElo "1800"]
[BlackElo "1309"]
[PlyCount "63"]
[EventDate "2020.??.??"]
[EventType "swiss (corr)"]
[EventRounds "1"]
[SourceTitle "Corr 2022"]
[Source "ChessBase"]
[SourceDate "2021.10.24"]
[SourceVersion "1"]
[SourceVersionDate "2021.10.24"]
[SourceQuality "1"]

1. c4 Nf6 2. Nc3 c5 3. g3 d5 4. cxd5 Nxd5 5. Bg2 Nc7 6. Qb3 e6 7. Bxb7 Bxb7 8. Qxb7 Nd7 9. Nf3 Be7 10. 0-0 0-0 11. Rd1 Qb8 12. Qxb8 Raxb8 13. d4 cxd4 14. Nxd4 Nc5 15. Nc6 Rbe8 16. Bf4 N7a6 17. Nxe7+ Rxe7 18. Bd6 Rd7 19. Bxf8 Kxf8 20. Rxd7 Nxd7 21. Nb5 Nac5 22. Nxa7 g6 23. b4 Ne4 24. a4 Kg7 25. Nc8 Nc3 26. Kf1 Nb8 27. b5 h6 28. f3 f6 29. Ke1 f5 30. Kd2 Nd5 31. a5 Nd7 32. a6 1-0

[Event "FICGS theme 0002 email"]
[Site "FICGS email"]
[Date "2020.10.16"]
[Round "1"]
[White "Schuett, Wilhelm"]
[Black "Ortiz, Jose Luis"]
[Result "1-0"]
[WhiteElo "1800"]
[BlackElo "1744"]
[PlyCount "55"]
[EventDate "2020.??.??"]
[EventType "swiss (corr)"]
[EventRounds "1"]
[SourceTitle "Corr 2024"]
[Source "ChessBase"]
[SourceDate "2023.10.19"]
[SourceVersion "1"]
[SourceVersionDate "2023.10.19"]
[SourceQuality "1"]

1. c4 Nf6 2. Nc3 c5 3. g3 d5 4. cxd5 Nxd5 5. Bg2 Nc7 6. d3 e6 7. Qb3 Nd7 8. Nf3 b5 9. Nxb5 Rb8 10. Nxc7+ Qxc7 11. Qc2 Bd6 12. 0-0 h6 13. d4 Qb6 14. Rd1 Nf6 15. dxc5 Bxc5 16. e3 Bb7 17. Ne5 Rd8 18. Rxd8+ Qxd8 19. Bxb7 Qc7 20. Bc6+ Ke7 21. Qxc5+ Kd8 22. b4 Nd5 23. Bb2 f6 24. Ng6 Rg8 25. Rd1 Qf7 26. Bxd5 Qxg6 27. Be4+ Ke8 28. Bxg6# 1-0

[Event "FICGS theme 0002 email"]
[Site "FICGS email"]
[Date "2020.06.13"]
[Round "1"]
[White "Kehayov, Yulian"]
[Black "Schuett, Wilhelm"]
[Result "0-1"]
[WhiteElo "1332"]
[BlackElo "1800"]
[PlyCount "86"]
[EventDate "2020.??.??"]
[EventType "swiss (corr)"]
[EventRounds "1"]
[SourceTitle "Corr 2022"]
[Source "ChessBase"]
[SourceDate "2021.10.24"]
[SourceVersion "1"]
[SourceVersionDate "2021.10.24"]
[SourceQuality "1"]

1. c4 Nf6 2. Nc3 c5 3. g3 d5 4. cxd5 Nxd5 5. Bg2 Nc7 6. Nf3 Nc6 7. 0-0 Qd7 8. e3 e5 9. Ne4 b6 10. b3 f5 11. Nc3 e4 12. Ne1 Ba6 13. d3 0-0-0 14. dxe4 Qxd1 15. Nxd1 Rxd1 16. Bb2 Rxa1 17. Bxa1 Bxf1 18. Bxf1 fxe4 19. Bg2 Nb4 20. a3 Nd3 21. Nxd3 exd3 22. Be4 d2 23. Bc2 c4 24. b4 Nb5 25. a4 Na3 26. Bd1 Rg8 27. Bc3 Nb1 28. Bxd2 Nxd2 29. a5 Bxb4 30. axb6 axb6 31. Be2 Kc7 32. h4 Ra8 33. f4 Ra1+ 34. Kf2 b5 35. Bg4 Ne4+ 36. Kf3 Nf6 37. Bf5 g6 38. Bg4 c3 39. Bh3 c2 40. g4 c1Q 41. h5 Qh1+ 42. Bg2 Rf1+ 43. Kg3 Be1# 0-1

[Event "FICGS theme 0002 email"]
[Site "FICGS email"]
[Date "2020.03.02"]
[Round "1"]
[White "Cirulis, Ilmars"]
[Black "Schuett, Wilhelm"]
[Result "1-0"]
[WhiteElo "2202"]
[BlackElo "1800"]
[PlyCount "37"]
[EventDate "2020.??.??"]
[EventType "swiss (corr)"]
[EventRounds "1"]
[SourceTitle "Corr 2022"]
[Source "ChessBase"]
[SourceDate "2021.10.24"]
[SourceVersion "1"]
[SourceVersionDate "2021.10.24"]
[SourceQuality "1"]

1. c4 Nf6 2. Nc3 c5 3. g3 d5 4. cxd5 Nxd5 5. Bg2 Nc7 6. d3 e6 7. Be3 Nd7 8. Nf3 Rb8 9. 0-0 Be7 10. d4 0-0 11. Bf4 b5 12. dxc5 b4 13. Nd4 bxc3 14. Nc6 Qe8 15. Nxe7+ Qxe7 16. Bxc7 cxb2 17. Rb1 Rb4 18. c6 Nb6 19. Bd6 1-0

[Event "FICGS theme 0002 email"]
[Site "FICGS email"]
[Date "2020.03.02"]
[Round "1"]
[White "Schuett, Wilhelm"]
[Black "Czudek, Bohuslav"]
[Result "0-1"]
[WhiteElo "1800"]
[BlackElo "2004"]
[PlyCount "40"]
[EventDate "2020.??.??"]
[EventType "swiss (corr)"]
[EventRounds "1"]
[SourceTitle "Corr 2022"]
[Source "ChessBase"]
[SourceDate "2021.10.24"]
[SourceVersion "1"]
[SourceVersionDate "2021.10.24"]
[SourceQuality "1"]

1. c4 Nf6 2. Nc3 c5 3. g3 d5 4. cxd5 Nxd5 5. Bg2 Nc7 6. Qb3 Nc6 7. Bxc6+ bxc6 8. d3 e5 9. Nf3 f6 10. Qa4 Rb8 11. 0-0 Bd7 12. Ne4 Be7 13. Qxa7 Bh3 14. Rd1 0-0 15. Qa4 Ne6 16. Qxc6 Rb6 17. Qa4 Rb4 18. Qc2 f5 19. Ned2 Qa8 20. Nc4 Nd4 0-1

[Event "FICGS theme 0002 email"]
[Site "FICGS email"]
[Date "2017.11.12"]
[Round "1"]
[White "Pech, Jaroslav Sr"]
[Black "Schuett, Wilhelm"]
[Result "1-0"]
[WhiteElo "1398"]
[BlackElo "1800"]
[PlyCount "43"]
[EventDate "2017.??.??"]
[EventType "swiss (corr)"]
[EventRounds "1"]
[SourceTitle "Corr 2022"]
[Source "ChessBase"]
[SourceDate "2021.10.24"]
[SourceVersion "1"]
[SourceVersionDate "2021.10.24"]
[SourceQuality "1"]

1. e4 c5 2. Nf3 a6 3. c3 d5 4. exd5 Qxd5 5. d4 c4 6. Ne5 b5 7. Be2 Ra7 8. Bf3 Qe6 9. a4 Nd7 10. axb5 Nxe5 11. dxe5 Qxe5+ 12. Be3 e6 13. Bc6+ Bd7 14. Rxa6 Bc5 15. Rxa7 Bxc6 16. bxc6 Nf6 17. Ra8+ Ke7 18. Rxh8 Nd5 19. 0-0 Bxe3 20. fxe3 Qxe3+ 21. Kh1 Qc5 22. Qg4 1-0

[Event "FICGS theme 0002 email"]
[Site "FICGS email"]
[Date "2017.11.12"]
[Round "1"]
[White "Schuett, Wilhelm"]
[Black "Hilbert, Stephan"]
[Result "1-0"]
[WhiteElo "1800"]
[BlackElo "1674"]
[PlyCount "29"]
[EventDate "2017.??.??"]
[EventType "swiss (corr)"]
[EventRounds "1"]
[SourceTitle "Corr 2022"]
[Source "ChessBase"]
[SourceDate "2021.10.24"]
[SourceVersion "1"]
[SourceVersionDate "2021.10.24"]
[SourceQuality "1"]

1. e4 c5 2. Nf3 a6 3. c3 e6 4. d4 d5 5. e5 Qb6 6. Bd3 cxd4 7. cxd4 Bd7 8. Nc3 Nc6 9. Bb1 Nge7 10. 0-0 Rc8 11. Qd2 Ng6 12. Rd1 Be7 13. Ng5 0-0 14. h4 h6 15. Nf3 1-0

[Event "FICGS theme 0002 email"]
[Site "FICGS email"]
[Date "2017.02.22"]
[Round "1"]
[White "Schuett, Wilhelm"]
[Black "Ambos, Ilmar"]
[Result "0-1"]
[WhiteElo "1800"]
[BlackElo "1885"]
[PlyCount "24"]
[EventDate "2017.??.??"]
[EventType "swiss (corr)"]
[EventRounds "1"]
[SourceTitle "Corr 2022"]
[Source "ChessBase"]
[SourceDate "2021.10.24"]
[SourceVersion "1"]
[SourceVersionDate "2021.10.24"]
[SourceQuality "1"]

1. d4 Nf6 2. c4 g6 3. Nc3 d5 4. e3 Bg7 5. cxd5 Nxd5 6. Qb3 Nb6 7. Nf3 0-0 8. h3 Nc6 9. Bb5 e5 10. Bxc6 exd4 11. Nxd4 bxc6 12. Nxc6 Qe8 0-1

[Event "FICGS theme 0002 email"]
[Site "FICGS email"]
[Date "2016.01.11"]
[Round "1"]
[White "Carrizo, Jose Luis"]
[Black "Schuett, Wilhelm"]
[Result "1-0"]
[WhiteElo "2096"]
[BlackElo "1800"]
[PlyCount "25"]
[EventDate "2016.??.??"]
[EventType "swiss (corr)"]
[EventRounds "1"]
[SourceTitle "Corr 2022"]
[Source "ChessBase"]
[SourceDate "2021.10.24"]
[SourceVersion "1"]
[SourceVersionDate "2021.10.24"]
[SourceQuality "1"]

1. e4 e5 2. f4 exf4 3. Bc4 Qh4+ 4. Kf1 d6 5. Nf3 Bg4 6. Nc3 Bxf3 7. Qxf3 Nc6 8. d3 Nd4 9. Qxf4 Qxf4+ 10. Bxf4 Nxc2 11. Rc1 Nd4 12. Be3 Ne6 13. Bxe6 1-0

[Event "FICGS theme 0002 email"]
[Site "FICGS email"]
[Date "2016.01.11"]
[Round "1"]
[White "Foster, Duncan"]
[Black "Schuett, Wilhelm"]
[Result "1-0"]
[WhiteElo "1585"]
[BlackElo "1800"]
[PlyCount "31"]
[EventDate "2016.??.??"]
[EventType "swiss (corr)"]
[EventRounds "1"]
[SourceTitle "Corr 2022"]
[Source "ChessBase"]
[SourceDate "2021.10.24"]
[SourceVersion "1"]
[SourceVersionDate "2021.10.24"]
[SourceQuality "1"]

1. e4 e5 2. f4 exf4 3. Nf3 g5 4. h4 g4 5. Ne5 d6 6. Nxg4 Nh6 7. Nf2 Nc6 8. d4 Qf6 9. c3 Rg8 10. Qf3 Bg4 11. Qxf4 Qxf4 12. Bxf4 0-0-0 13. Nd2 Re8 14. Nxg4 Nxg4 15. Be2 f5 16. 0-0 1-0

[Event "FICGS theme 0001 email"]
[Site "FICGS email"]
[Date "2015.10.01"]
[Round "1"]
[White "Kehayov, Yulian"]
[Black "Schuett, Wilhelm"]
[Result "1-0"]
[WhiteElo "988"]
[BlackElo "1800"]
[PlyCount "45"]
[EventDate "2015.??.??"]
[EventType "swiss (corr)"]
[EventRounds "1"]
[SourceTitle "Corr 2022"]
[Source "ChessBase"]
[SourceDate "2021.10.24"]
[SourceVersion "1"]
[SourceVersionDate "2021.10.24"]
[SourceQuality "1"]

1. d4 d5 2. c4 e6 3. Nc3 c6 4. Nf3 dxc4 5. e4 b5 6. Be2 Bb7 7. 0-0 Ne7 8. b3 cxb3 9. Qxb3 Ng6 10. h3 Be7 11. a4 a6 12. Bb2 0-0 13. axb5 cxb5 14. Rad1 Nd7 15. d5 Nc5 16. Qa2 Qc8 17. Bd3 b4 18. Na4 Nxa4 19. Qxa4 exd5 20. exd5 Rd8 21. Ne5 Nxe5 22. Be4 Nc4 23. Rc1 1-0

[Event "FICGS theme 0001 email"]
[Site "FICGS email"]
[Date "2015.10.01"]
[Round "1"]
[White "Schuett, Wilhelm"]
[Black "Cirulis, Ilmars"]
[Result "0-1"]
[WhiteElo "1800"]
[BlackElo "1908"]
[PlyCount "46"]
[EventDate "2015.??.??"]
[EventType "swiss (corr)"]
[EventRounds "1"]
[SourceTitle "Corr 2022"]
[Source "ChessBase"]
[SourceDate "2021.10.24"]
[SourceVersion "1"]
[SourceVersionDate "2021.10.24"]
[SourceQuality "1"]

1. d4 d5 2. c4 e6 3. Nc3 c6 4. Nf3 dxc4 5. a4 Nf6 6. e3 c5 7. Bxc4 cxd4 8. Qxd4 Qxd4 9. Nxd4 a6 10. Bd2 Be7 11. a5 Bd7 12. Na4 Bxa4 13. Rxa4 Nbd7 14. Ke2 Nc5 15. Rb4 Nfe4 16. Be1 Nd6 17. f3 e5 18. Nc2 Bd8 19. Bd5 Bxa5 20. Rg4 Bxe1 21. Rxe1 0-0 22. Rb4 Rfd8 23. e4 Rac8 0-1

[Event "FICGS theme 0001 email"]
[Site "FICGS email"]
[Date "2015.10.01"]
[Round "1"]
[White "Schuett, Wilhelm"]
[Black "Pech, Jaroslav Sr"]
[Result "0-1"]
[WhiteElo "1800"]
[BlackElo "899"]
[PlyCount "26"]
[EventDate "2015.??.??"]
[EventType "swiss (corr)"]
[EventRounds "1"]
[SourceTitle "Corr 2022"]
[Source "ChessBase"]
[SourceDate "2021.10.24"]
[SourceVersion "1"]
[SourceVersionDate "2021.10.24"]
[SourceQuality "1"]

1. d4 d5 2. c4 e6 3. Nc3 c6 4. Nf3 dxc4 5. a4 Bb4 6. e3 b5 7. Bd2 a5 8. axb5 Bxc3 9. Bxc3 cxb5 10. b3 Bb7 11. bxc4 b4 12. Bb2 Nf6 13. Bd3 Nbd7 0-1

[Event "FICGS theme 0001 email"]
[Site "FICGS email"]
[Date "2015.08.01"]
[Round "1"]
[White "Raman, Ranganathan"]
[Black "Schuett, Wilhelm"]
[Result "0-1"]
[WhiteElo "1303"]
[BlackElo "1800"]
[PlyCount "22"]
[EventDate "2015.??.??"]
[EventType "swiss (corr)"]
[EventRounds "1"]
[SourceTitle "Corr 2022"]
[Source "ChessBase"]
[SourceDate "2021.10.24"]
[SourceVersion "1"]
[SourceVersionDate "2021.10.24"]
[SourceQuality "1"]

1. d4 d5 2. c4 e6 3. Nc3 c6 4. Nf3 dxc4 5. Be3 b5 6. Ne4 Nd7 7. g3 Ngf6 8. Nxf6+ Nxf6 9. Bg2 Bb7 10. Ne5 Qc7 11. Bf3 Rd8 0-1

[Event "FICGS theme 0001 email"]
[Site "FICGS email"]
[Date "2015.08.01"]
[Round "1"]
[White "Schuett, Wilhelm"]
[Black "Foster, Duncan"]
[Result "0-1"]
[WhiteElo "1800"]
[BlackElo "1559"]
[PlyCount "64"]
[EventDate "2015.??.??"]
[EventType "swiss (corr)"]
[EventRounds "1"]
[SourceTitle "Corr 2022"]
[Source "ChessBase"]
[SourceDate "2021.10.24"]
[SourceVersion "1"]
[SourceVersionDate "2021.10.24"]
[SourceQuality "1"]

1. d4 d5 2. c4 e6 3. Nc3 c6 4. Nf3 dxc4 5. a4 Bb4 6. e3 b5 7. Bd2 a5 8. axb5 Bxc3 9. Bxc3 cxb5 10. b3 Bb7 11. bxc4 b4 12. Bb2 Nf6 13. Bd3 Nbd7 14. 0-0 0-0 15. Nd2 Qc7 16. f4 a4 17. Rb1 Rfb8 18. e4 Nf8 19. Rf3 a3 20. Ba1 Ng6 21. Rxb4 Nxf4 22. Bc2 Bc6 23. Rxb8+ Qxb8 24. Qf1 Ng6 25. Rb3 Qd8 26. Rh3 h6 27. e5 Nh7 28. Bxg6 fxg6 29. Qb1 Qg5 30. Nf3 Qe3+ 31. Kh1 Rf8 32. Ng1 Qf2 0-1

[Event "FICGS theme 0001 email"]
[Site "FICGS email"]
[Date "2015.08.01"]
[Round "1"]
[White "Schuett, Wilhelm"]
[Black "Gurgui, Dan"]
[Result "1-0"]
[WhiteElo "1800"]
[BlackElo "984"]
[PlyCount "27"]
[EventDate "2015.??.??"]
[EventType "swiss (corr)"]
[EventRounds "1"]
[SourceTitle "Corr 2022"]
[Source "ChessBase"]
[SourceDate "2021.10.24"]
[SourceVersion "1"]
[SourceVersionDate "2021.10.24"]
[SourceQuality "1"]

1. d4 d5 2. c4 e6 3. Nc3 c6 4. Nf3 dxc4 5. a4 Bb4 6. e3 Bxc3+ 7. bxc3 b5 8. Ne5 f6 9. Qh5+ g6 10. Nxg6 hxg6 11. Qxh8 Kf7 12. Qh7+ Kf8 13. Qxg6 Qe7 14. Ba3 1-0